| 000 | 02426cam a2200661 a 4500 | ||
|---|---|---|---|
| 003 | PE-LiUPU | ||
| 005 | 20250731170414.0 | ||
| 008 | 120704s2011 sp a r 000 0 spa d | ||
| 017 |
_aM 25425-2011 _bOficina Depósito Legal Madrid |
||
| 020 | _a8468123013 | ||
| 020 | _a9788468123011 | ||
| 035 | _a(Sirsi) i9788468123011 | ||
| 040 |
_aBNM _bspa _cBNM _dPE-LiUPU _erda |
||
| 080 | _a37(07) | ||
| 082 | 0 | 0 |
_a155.4 _bG23 _223 |
| 100 | 1 |
_aGarcía Herrero, María Mercedes, _eautor. |
|
| 245 | 1 | 0 |
_aDesarrollo cognitivo, sensorial, motor y psicomotor en la infancia : _bformación para el empleo / _cMercedes García Herrero. |
| 246 | 1 | 3 | _aCuaderno del alumno. |
| 264 | 1 |
_aHumanes de Madrid : _bCEP, _c2011 |
|
| 300 |
_a85 páginas : _bilustraciones ; _c30 centímetros |
||
| 336 |
_atext _2rdacontent |
||
| 337 |
_aunmediated _2rdamedia |
||
| 338 |
_avolume _2rdacarrier |
||
| 500 | _aCualificación profesional, Educación Infantil de la familia profesional Servicios socioculturales y a la comunidad | ||
| 505 | _aGuía metodológica -- programa docente: guía de contenidos -- Ejercicios de autoevaluación: cuestionario -- Solucionario: cuestioinario -- Propuesta de actividades -- Solucionario: propuesta de actividades. | ||
| 526 | _aSEG68 | ||
| 526 | _aSEG70 | ||
| 526 | _aSEG69 | ||
| 526 | _aSEG67 | ||
| 526 | _aSEG43 | ||
| 526 | _aP144 | ||
| 526 | _aP143 | ||
| 526 | _aP131 | ||
| 526 | _aP122 | ||
| 526 | _aP120 | ||
| 526 | _aP117 | ||
| 526 | _aP112 | ||
| 526 | _aP110 | ||
| 526 | _aP106 | ||
| 526 | _aP101 | ||
| 526 | _aP80 | ||
| 526 | _aP59 | ||
| 526 | _aP54 | ||
| 526 | _aP35 | ||
| 526 | _aP33 | ||
| 526 | _aP30 | ||
| 541 | _gFA3-00000165801; | ||
| 650 | 0 | 4 |
_aNiños _xPsicología. _91899 |
| 650 | 0 | 4 | _aPsicomotricidad. |
| 653 | _aConocimiento (Psicología infantil) | ||
| 653 | _aMotricidad en niños. | ||
| 910 |
_aebj _bebj _cjck _d20170523 |
||
| 942 |
_2ddc _cBOOK |
||
| 949 |
_a155.4 G23 _wDEWEY _c1 _i75955 _lCCODEBUL1 _mBUL _p03.00 _r0 _sY _tBOOK _u2017-05-23 _xPOSGRADO _PP69 _0COMPRA _o.STAFF. Colección Ciencias de la Salud |
||
| 994 |
_aC0 _bPEPRU |
||
| 596 | _a1 | ||
| 999 |
_a155.4 G23 _wDEWEY _c20435 _i75955 _d20435 _e2017-9-27 _f2021-11-3 _g3 _lCCODEBUL1 _mBUL _n1 _p3.00 _q4 _r0 _sY _tBOOK _u2017-5-23 _xSALUD _PP69 _0COMPRA _o.STAFF. Colección Ciencias de la Salud |
||
| 980 |
_81 _gALBERTO SANCHEZ Responsable de Automatización |
||